Vocabulary Quiz #5 English to Spanish - Statistics

General Stats
  • This quiz has been taken 86 times
  • The average score is 7 of 13
Answer Stats
English Word Spanish Word % Correct
School escuela
88%
Table mesa
88%
Music musica
87%
Juice jugo
81%
Store tienda
74%
Robot robot
66%
Secure seguro
63%
Wind viento
54%
Packet paquete
51%
Tank tanque
35%
Triumph triunfo
16%
Blow golpe
6%
Food viveres
3%
No matching quizzes found
Score Distribution
Percent of People with Each Score
Percentile by Number Answered
Your Score History
You have not taken this quiz